00234nam a2200097Ia 4500008004100000082001700041100002200058245002400080260002000104600001200124241002s9999 xx 000 0 und d a947.0853 VER aVernadsky, George 2aA History of Russia aNew York:c1914 aHistory